• 首页
  • 本馆介绍
  • 公告通知
  • 最新文献
  • 馆藏检索
  • 电子资源
  • 读者导购
  • 参考咨询
  • 我的图书馆
  • 登录
  • 详细信息显示
  • 放入我的书架
  • 预约/预借图书
  • 作者相关作品
  • 分类相关作品
  • 丛书相关作品
  • 出版社相关作品

书目信息

  • 表格格式
  • 工作单格式
  • 卡片格式
题名:
组织行为学
    
 
作者: 张德 主编
分册:  
出版信息: 北京   高等教育出版社  1999.7
页数: 259页
开本: 16开
丛书名: 面向21世纪课程教材
单 册:
中图分类: C936
科图分类:
主题词: 管理行为学--教材
电子资源:
ISBN: 7-04-007080-4
000 00608nam0 2200217 45
001 0009200943
005 20031219104046.2
010    @a7-04-007080-4@dCNY17.90
100    @a20000920d1999 km y0chiy0120 ea
101 0  @achi
105    @a z 000yy
200 1  @a组织行为学@AZu Zhi Xing Wei Xue@f张德主编@FZhang De Zhu Bian
210    @a北京@c高等教育出版社@d1999.7
215    @a259页@d16开
225    @a面向21世纪课程教材
410    @12001 @a面向21世纪课程教材
606 0  @a管理行为学@x教材
690    @aC936@v1
701  0 @a张德@4主编
801    @aCN@bTSTC@c20000920
905    @b290468-469@dC936@e108@f2
    
    组织行为学/张德主编.-北京:高等教育出版社,1999.7
    259页;16开.-(面向21世纪课程教材)
    
    
    ISBN 7-04-007080-4:CNY17.90
    
●
相关链接 在E读中查询图书 在五车中查询图书 在当当中查询图书 在豆瓣中查询图书


正题名:组织行为学     索取号:C936/108         预约/预借

序号 登录号 条形码 馆藏地/架位号 状态 备注
1 0290468   002904682   第一借阅区/ [索取号:C936/108] 在馆    
2 0290469   002904691   第一样本阅览室/ [索取号:C936/108] 在馆    
唐山师范学院图书馆 欢迎您!
大连网信软件有限公司© 版权所有